Computer Organization and Architecture/ (Record no. 186233)

MARC details
000 -LEADER
fixed length control field 00642nam a22001937a 4500
005 - DATE AND TIME OF LATEST TRANSACTION
control field 20220218100140.0
010 ## - LCCN (DPL NO)
LC control number ENG-131664
020 ## - INTERNATIONAL STANDARD BOOK NUMBER
International Standard Book Number 9789392311000
Terms of availability 699.00
035 ## - SYSTEM CONTROL NUMBER
System control number EN-115196
037 ## - SOURCE OF ACQUISITION
Source of stock number/acquisition DBAD
082 ## - DEWEY DECIMAL CLASSIFICATION NUMBER
Classification number 004.22
100 ## - MAIN ENTRY--PERSONAL NAME
Personal name Patra, P. Santosh Kumar
245 ## - TITLE STATEMENT
Title Computer Organization and Architecture/
Statement of responsibility, etc P.Santosh Kumar Patra, Manu Hajari
260 ## - PUBLICATION, DISTRIBUTION, ETC. (IMPRINT)
Place of publication, distribution, etc Hyderabad
Name of publisher, distributor, etc SunRaise International Publishers
Date of publication, distribution, etc 2021
270 ## - ADDRESS
Address # 326/C, Level-2, Surneni Nilayam Near B K Guda Park, S R Nagar
City Hyderabad
Postal code 500038
300 ## - PHYSICAL DESCRIPTION
Extent viii, 400p.
Dimensions 24cm(pbk)
700 ## - ADDED ENTRY--PERSONAL NAME
Personal name Hajari, Manu
942 ## - ADDED ENTRY ELEMENTS (KOHA)
Source of classification or shelving scheme Dewey Decimal Classification
Item type English Books
Classification part 531
Call number suffix PAT
Holdings
Withdrawn status Lost status Not for loan Collection code Home library Current library Date acquired Source of acquisition Cost, normal purchase price Full call number Barcode Copy number Cost, replacement price Koha item type
      Non-fiction Central Library Central Library 18/02/2022 DBAD/PUB 699.00 531 PAT EN-115196 1 699.00 English Books

© Delhi Public Library
Hit Counter
free hit counter